000 00354 a2200157 4500
001 190450
020 _a978-0-19-846682-6
040 _cMagnum
100 _aDonaldson, Julia
240 1 0 _aThe snake and the Drake
_lING
245 1 0 _aThe snake and the Drake
300 _a16
362 0 _a2008
697 _aLITERATURA INFANTIL INGLESA
942 _cBK
999 _c190450
_d190450